| 000 | 01696nam a2200397 i 4500 | ||
|---|---|---|---|
| 001 | 181023 | ||
| 003 | ES-MaACL | ||
| 005 | 20250720044319.0 | ||
| 008 | 121002s2010 fi a |||| | fra | ||
| 020 | _a978-951-41-1033-7 (vol. I) | ||
| 080 | _a930.85(460.25=411.21)"04/14"(043.2) | ||
| 080 | _a911.37(460.25)"04/14"(043.2) | ||
| 080 | _a94(460.25)"04/14"(043.2) | ||
| 080 | _a904(460.25):7.033.3(043.2) | ||
| 100 | 1 |
_aGilotte, Sophie. _9151529 |
|
| 245 | 1 | 0 |
_aAux marges d'al-Andalus _b: peuplement et habitat en Estrémadure centre-orientale (VIIIe-XIIIe siècles) / _cSophie Gilotte. |
| 260 |
_a[Helsinki] : _bAcademia Scientiarum Fennica, _c[2010] |
||
| 300 |
_a355 p. : _bil. col. y n. ; _c25 cm + _e1 CD-ROM. |
||
| 490 | 1 |
_aSuomalaisen Tiedeakademian toimituksia. Humaniora ; _v356 |
|
| 490 | 1 | _aAnnales Academiae Scientiarum Fennicæ | |
| 500 | _aTexto impreso: numerado como vol. I. | ||
| 500 | _aCD-ROM: numerado como vol. II. | ||
| 502 | _aTesis: Université de Paris IV-Paris-Sorbonne, 2004. | ||
| 504 | _aBibliografía: p. 332-352. | ||
| 650 | 7 |
_aCivilización musulmana- _zExtremadura. _9151530 |
|
| 651 | 7 |
_aExtremadura- _xHistoria- _yS.V-XV. _9151531 |
|
| 651 | 7 |
_aExtremadura- _xRestos arqueológicos musulmanes. _9151532 |
|
| 830 | 0 |
_aSuomalaisen Tiedeakademian toimituksia. Humaniora ; _v356 _9224674 |
|
| 830 | 0 | 0 |
_aAnnales Academiae Scientiarum Fennicæ _9233538 |
| 852 |
_aES-MaACL _jA-12235 _9187905 _bR.147102 _cDEPO1 _dOlim: N-5240 _xDonación: R.A.E |
||
| 852 |
_aES-MaACL _jROT 2/7/4 (CD-ROM) |
||
| 914 |
_96336 _aReal Academia Española _ednr |
||
| 942 |
_2udc _cMONOGRAFIA |
||
| 999 |
_c181023 _d181023 |
||